Memoria de las prácticas realizadas en el Arxiu Històric de la Diputació de Barcelona /
Descripción Física:
55 p. ; 30 cm
Otros Autores:
Rico Camargo, Helena
MARC
| LEADER | 00000nam a2200000Ia 4500 | ||
|---|---|---|---|
| 001 | 10470 | ||
| 008 | 160829s9999 xx 000 0 cat d | ||
| 080 | |a A-2-69 | ||
| 100 | |a Morant Rusinés, Alicia |9 19729 | ||
| 245 | |a Memoria de las prácticas realizadas en el Arxiu Històric de la Diputació de Barcelona / |c Alicia Morant Rusinés, Helena Rico Camargo | ||
| 260 | |a [Barcelona] : |b [s.n.], [1991 - 1992] | ||
| 300 | |a 55 p. ; |c 30 cm | ||
| 590 | |a Pràctiques de l' assignatura de Tècniques d' Arxius. professor, Maria Elvira. E. U. Jordi Rubió i Balaguer de Biblioteconomia i Documentació. | ||
| 610 | 1 | 0 | |a Arxiu General de la Diputació de Barcelona |9 52704 |
| 655 | 0 | |9 55931 |a Tesis i dissertacions acadèmiques | |
| 700 | |a Rico Camargo, Helena |9 19731 | ||
| 710 | 2 | |a Escola Universitària Jordi Rubió i Balaguer de Biblioteconomia i Documentació |9 54300 | |
| 901 | |a Arxiu | ||
| 942 | |n 1 |2 udc | ||
| 952 | |0 0 |1 0 |4 0 |6 A269 |7 1 |9 41315 |a Arxiu |b Arxiu |d 2016-12-01 |l 0 |o A-2-69 |p 10470 |r 2016-12-01 00:00:00 |w 2016-12-01 |y ARXIU | ||
| 999 | |c 43098 |d 43098 | ||